[Event "CZE-chT2B 2223"]
[Site "Czech Republic"]
[Date "2023.02.19"]
[Round "9.6"]
[White "Vales, Vaclav"]
[Black "Misicko, Jan"]
[Result "1/2-1/2"]
[WhiteElo "2050"]
[BlackElo "2049"]
[PlyCount "44"]
[EventDate "2022.10.16"]
[EventType "team-tourn"]
[EventRounds "11"]
[EventCountry "CZE"]
[SourceTitle "EXT 2024"]
[Source "ChessBase"]
[SourceDate "2023.10.10"]
[SourceVersion "1"]
[SourceVersionDate "2023.10.10"]
[SourceQuality "1"]
[WhiteTeam "Decin"]
[BlackTeam "Kladno"]
[WhiteTeamCountry "CZE"]
[BlackTeamCountry "CZE"]

1. d4 Nf6 2. c4 e6 3. Nf3 b6 4. a3 Bb7 5. Nc3 d5 6. cxd5 exd5 7. g3 Bd6 8. Bg2 0-0 9. 0-0 a6 10. b4 Re8 11. Qb3 Nbd7 12. Ng5 h6 13. Nh3 c6 14. f3 Nf8 15. a4 b5 16. Bd2 Qe7 17. axb5 axb5 18. Rxa8 Rxa8 19. Rb1 Bc8 20. Nf2 Qa7 21. e3 N8d7 22. Nd3 Nb6 1/2-1/2

[Event "CZE-chT2A 1718"]
[Site "Czech Republic"]
[Date "2017.11.05"]
[Round "2.8"]
[White "Jirman, Pavel"]
[Black "Misicko, Jan"]
[Result "1/2-1/2"]
[WhiteElo "2043"]
[BlackElo "2064"]
[PlyCount "86"]
[EventDate "2017.10.15"]
[EventType "team-tourn"]
[EventRounds "11"]
[EventCountry "CZE"]
[SourceTitle "EXT 2022"]
[Source "ChessBase"]
[SourceDate "2021.10.06"]
[SourceVersion "1"]
[SourceVersionDate "2021.10.06"]
[SourceQuality "1"]
[WhiteTeam "Vysehrad II"]
[BlackTeam "Kladno"]
[WhiteTeamCountry "CZE"]
[BlackTeamCountry "CZE"]

1. e4 c5 2. Nf3 e6 3. d4 cxd4 4. Nxd4 Nf6 5. Nc3 Nc6 6. Be3 Bb4 7. Bd3 Qa5 8. Qd2 Ng4 9. Nb3 Bxc3 10. Nxa5 Bxd2+ 11. Bxd2 Nge5 12. Nc4 Nxd3+ 13. cxd3 d5 14. exd5 exd5 15. Ne3 Be6 16. 0-0 Rc8 17. Rac1 Kd7 18. f4 f5 19. Rfe1 Rhe8 20. a3 d4 21. Nc4 b5 22. Na5 Bd5 23. Nxc6 Bxc6 24. Bb4 Bd5 25. Rxc8 Rxe1+ 26. Bxe1 Kxc8 27. Bf2 a5 28. Bxd4 g6 29. Kf2 Kd7 30. Bc3 a4 31. g3 Kc6 32. Ke3 Bb3 33. Kd4 Bc2 34. Bb4 Bb1 35. h3 Bc2 36. g4 Bb1 37. g5 Bc2 38. Ke5 Bxd3 39. Kf6 Kd7 40. h4 Be2 41. Kf7 Bd1 42. Kg8 Ke8 43. Kxh7 Kf7 1/2-1/2

[Event "CZE-chT2A 1617"]
[Site "Czech Republic"]
[Date "2016.11.27"]
[Round "4.7"]
[White "Misicko, Jan"]
[Black "Kucera, Tomas"]
[Result "1/2-1/2"]
[WhiteElo "2072"]
[BlackElo "1929"]
[PlyCount "83"]
[EventDate "2016.10.09"]
[EventType "team-tourn"]
[EventRounds "11"]
[EventCountry "CZE"]
[SourceTitle "EXT 2022"]
[Source "ChessBase"]
[SourceDate "2021.10.06"]
[SourceVersion "1"]
[SourceVersionDate "2021.10.06"]
[SourceQuality "1"]
[WhiteTeam "Kladno"]
[BlackTeam "Praha Dopravni podnik"]
[WhiteTeamCountry "CZE"]
[BlackTeamCountry "CZE"]

1. c4 d5 2. cxd5 Nf6 3. g3 Nxd5 4. Bg2 e5 5. Nc3 Nb6 6. Nf3 Nc6 7. 0-0 Be7 8. d3 0-0 9. Be3 Be6 10. Qc1 f6 11. Ne4 Kh8 12. Bc5 Nd7 13. Rd1 Bd5 14. Bxe7 Qxe7 15. Nc3 Be6 16. d4 Nxd4 17. Nxd4 exd4 18. Rxd4 c6 19. Qc2 Ne5 20. Rad1 Rad8 21. b3 Rxd4 22. Rxd4 Rd8 23. Qd2 Rd7 24. h3 Qd8 25. Rxd7 Qxd7 26. Qxd7 Bxd7 27. f4 Nf7 28. Kf2 Kg8 29. Ke3 Kf8 30. Kd4 Ke7 31. g4 h6 32. b4 Nd6 33. e4 Nf7 34. Bf1 Be6 35. f5 Bd7 36. Nd1 Ne5 37. Be2 Be8 38. Nb2 Bf7 39. a4 Kd6 40. a5 b6 41. axb6 axb6 42. Na4 1/2-1/2

[Event "CZE-chT rap"]
[Site "Pardubice"]
[Date "2015.07.17"]
[Round "3.4"]
[White "Misicko, Jan"]
[Black "Sabol, Marian"]
[Result "1/2-1/2"]
[WhiteElo "2071"]
[BlackElo "2312"]
[PlyCount "112"]
[EventDate "2015.07.16"]
[EventType "team-swiss"]
[EventRounds "7"]
[EventCountry "CZE"]
[SourceTitle "CBM 167 Extra"]
[Source "ChessBase"]
[SourceDate "2015.09.14"]
[SourceVersion "1"]
[SourceVersionDate "2015.09.14"]
[SourceQuality "1"]

1. c4 Nf6 2. g3 e5 3. Bg2 d5 4. cxd5 Nxd5 5. Nc3 Nb6 6. Nf3 Nc6 7. 0-0 Be7 8. d3 0-0 9. Be3 f5 10. Qc1 a5 11. Rd1 Bf6 12. Nb5 Nd5 13. Bc5 Rf7 14. e4 Ndb4 15. d4 exd4 16. Nfxd4 Nxd4 17. Bxd4 fxe4 18. Qc4 Bg4 19. Bxf6 Qxf6 20. Rd2 Be6 21. Qxe4 Bd5 22. Rxd5 Nxd5 23. Qxd5 c6 24. Qb3 a4 25. Qc2 cxb5 26. Bd5 Kh8 27. Bxf7 Qxf7 28. a3 Qc4 29. Qd2 Rc8 30. Re1 h6 31. Qd7 Qc6 32. Qd4 Qf6 33. Qxf6 gxf6 34. Re4 Rc2 35. Rb4 Rc5 36. b3 Rc1+ 37. Kg2 Rb1 38. Rxb5 Rxb3 39. Ra5 b5 40. Kh3 Kg7 41. Kg4 Kf7 42. Kh5 Ke6 43. Kxh6 Kd5 44. h4 Kc4 45. Kg6 Rxa3 46. h5 Rf3 47. h6 Rxf2 48. h7 Rh2 49. g4 Rh4 50. Ra8 Rxg4+ 51. Kxf6 Rh4 52. h8Q Rxh8 53. Rxh8 a3 54. Ra8 b4 55. Ke5 b3 56. Ra4+ Kc3 1/2-1/2

[Event "CZE-chT2A 1415"]
[Site "Czech Republic"]
[Date "2015.04.19"]
[Round "11.7"]
[White "Musil, Miroslav"]
[Black "Misicko, Jan"]
[Result "0-1"]
[WhiteElo "2001"]
[BlackElo "2036"]
[PlyCount "86"]
[EventDate "2014.11.02"]
[EventType "team-tourn"]
[EventRounds "11"]
[EventCountry "CZE"]
[SourceTitle "EXT 2022"]
[Source "ChessBase"]
[SourceDate "2021.10.06"]
[SourceVersion "1"]
[SourceVersionDate "2021.10.06"]
[SourceQuality "1"]
[WhiteTeam "Karlovy Vary II"]
[BlackTeam "Kladno"]
[WhiteTeamCountry "CZE"]
[BlackTeamCountry "CZE"]

1. d4 Nf6 2. c4 e6 3. Nf3 b6 4. Nc3 Bb7 5. Bf4 Be7 6. e3 0-0 7. Bd3 d5 8. 0-0 Nbd7 9. Rc1 dxc4 10. Bxc4 Nh5 11. Be5 Nxe5 12. Nxe5 Nf6 13. Qb3 Kh8 14. Rfd1 c6 15. e4 Qc7 16. f4 Rad8 17. g4 Nd7 18. Nxd7 Rxd7 19. Ne2 c5 20. d5 exd5 21. Bxd5 Ba6 22. Bc4 Rxd1+ 23. Rxd1 b5 24. Bxb5 c4 25. Qa4 Qc5+ 26. Nd4 Bxb5 27. Qxb5 Rd8 28. Qb7 Rxd4 29. Rxd4 Qxd4+ 30. Kg2 Bf8 31. g5 Kg8 32. h4 g6 33. Kf3 Qd1+ 34. Kg3 Qg1+ 35. Kf3 Qb6 36. Qd5 Qc5 37. Qb7 Qb4 38. Qc6 a5 39. a4 Qb3+ 40. Kg4 Qxb2 41. f5 Qg2+ 42. Kf4 gxf5 43. exf5 Qxc6 0-1

[Event "CZE-chT2A 1415"]
[Site "Czech Republic"]
[Date "2015.01.11"]
[Round "5.7"]
[White "Hurdzan, Tomas"]
[Black "Misicko, Jan"]
[Result "0-1"]
[WhiteElo "1946"]
[BlackElo "2036"]
[PlyCount "78"]
[EventDate "2014.11.02"]
[EventType "team-tourn"]
[EventRounds "11"]
[EventCountry "CZE"]
[SourceTitle "EXT 2022"]
[Source "ChessBase"]
[SourceDate "2021.10.06"]
[SourceVersion "1"]
[SourceVersionDate "2021.10.06"]
[SourceQuality "1"]
[WhiteTeam "Klatovy"]
[BlackTeam "Kladno"]
[WhiteTeamCountry "CZE"]
[BlackTeamCountry "CZE"]

1. e4 c5 2. Nf3 e6 3. c3 Nc6 4. d4 cxd4 5. cxd4 d5 6. e5 Bb4+ 7. Bd2 Nge7 8. Bxb4 Nxb4 9. Nc3 0-0 10. a3 Nbc6 11. Bd3 Nf5 12. b4 Ncxd4 13. Nxd4 Nxd4 14. Bxh7+ Kxh7 15. Qxd4 Bd7 16. 0-0 Rc8 17. Rac1 b6 18. Rfe1 Rc4 19. Qd3+ Kg8 20. Re3 Qg5 21. Rd1 Rfc8 22. Ne2 Ba4 23. Re1 Bc2 24. Qd2 Be4 25. Ng3 Bg6 26. Ne2 Rg4 27. Ng3 Rc2 28. Qd1 d4 29. Rb3 d3 30. Rxd3 Bxd3 31. Qxd3 Rgc4 32. Nf1 Qf4 33. Re2 Rxe2 34. Qxe2 Qe4 35. Qd1 Qxe5 36. Qd8+ Kh7 37. Qd3+ Qe4 38. Qd7 Rc1 39. Qb5 Qc4 0-1

[Event "CZE-chT2A 1314"]
[Site "Czech Republic"]
[Date "2014.03.02"]
[Round "9.7"]
[White "Misicko, Jan"]
[Black "Markovic, Milan2222"]
[Result "1/2-1/2"]
[WhiteElo "2064"]
[BlackElo "2136"]
[PlyCount "70"]
[EventDate "2013.11.03"]
[EventType "team-tourn"]
[EventRounds "11"]
[EventCountry "CZE"]
[SourceTitle "EXT 2015"]
[Source "ChessBase"]
[SourceDate "2014.11.20"]
[SourceVersion "1"]
[SourceVersionDate "2014.11.20"]
[SourceQuality "1"]
[WhiteTeam "Kladno"]
[BlackTeam "Praha Vrsovice"]
[WhiteTeamCountry "CZE"]
[BlackTeamCountry "CZE"]

1. c4 e6 2. g3 d5 3. Bg2 Nf6 4. Nf3 dxc4 5. Ne5 Qd4 6. Qa4+ Nfd7 7. Nxc4 c6 8. Qc2 Na6 9. a3 Be7 10. e3 Qf6 11. d4 0-0 12. b4 Nc7 13. Bb2 Qg6 14. Qxg6 hxg6 15. Nc3 Nb6 16. Nxb6 axb6 17. Ke2 Bd7 18. Rhd1 Nd5 19. Rac1 Rfc8 20. e4 Nxc3+ 21. Rxc3 c5 22. bxc5 bxc5 23. e5 Bb5+ 24. Ke1 cxd4 25. Rxc8+ Rxc8 26. Rxd4 Bc5 27. Rd2 Bc6 28. Bxc6 Rxc6 29. f3 Kf8 30. Kd1 Ke7 31. Rd3 Rc8 32. a4 Rd8 33. Kc2 Rxd3 34. Kxd3 Kd7 35. Kc4 Bg1 1/2-1/2

[Event "CZE-chT2A 1314"]
[Site "Czech Republic"]
[Date "2014.02.16"]
[Round "8.8"]
[White "Misicko, Jan"]
[Black "Postl, Petr"]
[Result "0-1"]
[WhiteElo "2064"]
[BlackElo "1984"]
[PlyCount "125"]
[EventDate "2013.11.03"]
[EventType "team-tourn"]
[EventRounds "11"]
[EventCountry "CZE"]
[SourceTitle "EXT 2015"]
[Source "ChessBase"]
[SourceDate "2014.11.20"]
[SourceVersion "1"]
[SourceVersionDate "2014.11.20"]
[SourceQuality "1"]
[WhiteTeam "Kladno"]
[BlackTeam "Karlovy Vary II"]
[WhiteTeamCountry "CZE"]
[BlackTeamCountry "CZE"]

1. c4 e5 2. g3 g6 3. Bg2 Bg7 4. e4 Nc6 5. Ne2 d6 6. d3 Be6 7. Nbc3 Qd7 8. Nd5 0-0-0 9. h3 h5 10. b4 h4 11. g4 f5 12. b5 Nd4 13. Qa4 Kb8 14. g5 Bxd5 15. Nxd4 fxe4 16. cxd5 exd4 17. dxe4 d3 18. Be3 Bc3+ 19. Kd1 b6 20. Rb1 a5 21. a3 Rf8 22. Qc4 Be5 23. Qxd3 Rh7 24. Bf1 Rhf7 25. Be2 Bf4 26. Bg4 Qe7 27. Be6 Qxg5 28. Bxf7 Rxf7 29. Ke2 Nf6 30. Rhg1 Qe5 31. Bxf4 Qxf4 32. f3 Qh2+ 33. Ke3 Nh5 34. Rg4 Rxf3+ 35. Kxf3 Qxh3+ 36. Ke2 Qxg4+ 37. Qf3 Ng3+ 38. Ke3 Qh3 39. Rg1 g5 40. Kf2 g4 41. Qg2 Qxg2+ 42. Rxg2 Nxe4+ 43. Ke3 Nf6 44. Rd2 h3 45. Kf4 g3 46. Rd1 g2 47. Kg3 Ne4+ 48. Kh2 Nc3 49. Rd2 Kb7 50. Kg1 a4 51. Kh2 Nxb5 52. Rd3 c5 53. dxc6+ Kxc6 54. Rxh3 Kc5 55. Kxg2 d5 56. Kf2 Kc4 57. Ke2 d4 58. Kd2 Nc3 59. Kc2 Ne4 60. Rf3 b5 61. Rh3 Nc3 62. Rg3 Nd5 63. Rh3 0-1

[Event "Ricany op"]
[Site "Ricany"]
[Date "2013.08.25"]
[Round "3"]
[White "Svatos, Jan"]
[Black "Misicko, Jan"]
[Result "1-0"]
[WhiteElo "2287"]
[BlackElo "2074"]
[PlyCount "43"]
[EventDate "2013.08.24"]
[EventType "swiss"]
[EventRounds "9"]
[EventCountry "CZE"]
[SourceTitle "EXT 2022"]
[Source "ChessBase"]
[SourceDate "2021.10.06"]
[SourceVersion "1"]
[SourceVersionDate "2021.10.06"]
[SourceQuality "1"]

1. d4 Nf6 2. Bg5 g6 3. Bxf6 exf6 4. e3 Bg7 5. c3 0-0 6. Nd2 Re8 7. Ne2 b6 8. Nf4 Bb7 9. Bc4 g5 10. Nh5 Bxg2 11. Rg1 d5 12. Rxg2 dxc4 13. Qf3 Na6 14. Ne4 Re6 15. 0-0-0 Rb8 16. d5 Rd6 17. Neg3 Nc5 18. Nf5 Nd3+ 19. Kb1 Bh8 20. Nh6+ Kf8 21. Rxg5 Ke7 22. Qe4+ 1-0

[Event "Prague Golden op 9th"]
[Site "Prague"]
[Date "2013.06.23"]
[Round "1"]
[White "Al Kaabi, Abdulla"]
[Black "Misicko, Jan"]
[Result "1-0"]
[WhiteElo "1968"]
[BlackElo "2091"]
[PlyCount "83"]
[EventDate "2013.06.23"]
[EventType "swiss"]
[EventRounds "9"]
[EventCountry "CZE"]
[SourceTitle "CBM 155 Extra"]
[Source "ChessBase"]
[SourceDate "2013.08.26"]
[SourceVersion "1"]
[SourceVersionDate "2013.08.26"]
[SourceQuality "1"]

1. d4 Nf6 2. Nf3 e6 3. c4 Bb4+ 4. Bd2 Qe7 5. a3 Bxd2+ 6. Nbxd2 d5 7. Qc2 c6 8. e3 Nbd7 9. Be2 e5 10. dxe5 Nxe5 11. Nxe5 Qxe5 12. Nf3 Bf5 13. Nxe5 Bxc2 14. Rc1 Be4 15. f3 Bf5 16. cxd5 cxd5 17. Rc7 0-0 18. Rxb7 Rab8 19. Rxb8 Rxb8 20. Nc6 Rb7 21. Nd4 Bd7 22. b4 a5 23. b5 a4 24. Kd2 Ne8 25. Kc3 Kf8 26. Kb4 Ra7 27. Rc1 Ra8 28. Rc5 Nf6 29. Bd1 Ke7 30. Bxa4 Kd6 31. Rc1 Ne8 32. Bd1 Nc7 33. a4 Rb8 34. Ka3 Ra8 35. Be2 h6 36. Bd3 g6 37. Kb4 Rb8 38. Nc6 Ra8 39. e4 f6 40. a5 Na6+ 41. bxa6 Bxc6 42. Rxc6+ 1-0

[Event "CZE-chT2A 1213"]
[Site "Czech Republic"]
[Date "2013.02.03"]
[Round "8.8"]
[White "Misicko, Jan"]
[Black "Fric, Pavel"]
[Result "1-0"]
[WhiteElo "2030"]
[BlackElo "2039"]
[PlyCount "114"]
[EventDate "2012.10.14"]
[EventType "team-tourn"]
[EventRounds "11"]
[EventCountry "CZE"]
[SourceTitle "EXT 2015"]
[Source "ChessBase"]
[SourceDate "2014.11.20"]
[SourceVersion "1"]
[SourceVersionDate "2014.11.20"]
[SourceQuality "1"]
[WhiteTeam "Kladno"]
[BlackTeam "Karlovy Vary"]
[WhiteTeamCountry "CZE"]
[BlackTeamCountry "CZE"]

1. c4 e6 2. g3 d5 3. Bg2 Nf6 4. Nf3 c6 5. b3 Be7 6. Bb2 a5 7. 0-0 0-0 8. d3 Nbd7 9. Qc2 Re8 10. e4 dxe4 11. dxe4 Nf8 12. Rd1 Qb6 13. Nc3 Qa6 14. e5 N6d7 15. Ne4 c5 16. Nd6 Rd8 17. Rd3 Rb8 18. Rad1 b6 19. Nxc8 Rbxc8 20. Nd2 Nb8 21. Ne4 Nc6 22. a3 Nd4 23. Bxd4 cxd4 24. Qb2 a4 25. b4 Rxc4 26. Rxd4 Rcxd4 27. Rxd4 Rxd4 28. Qxd4 Qe2 29. Qd2 Qc4 30. Qc3 Qa2 31. Nd6 Qb1+ 32. Bf1 Qd1 33. Qc7 Ng6 34. Nc8 Bd8 35. Qd6 Qd5 36. f4 h5 37. Bg2 Qxd6 38. exd6 e5 39. f5 Nf8 40. Ne7+ Kh7 41. Nc6 Bf6 42. Bd5 Nd7 43. Bxf7 e4 44. Bd5 e3 45. Kf1 h4 46. Ke2 hxg3 47. hxg3 Bg5 48. Be6 Nf6 49. d7 Ne4 50. d8Q Nxg3+ 51. Ke1 Bxd8 52. Nxd8 Ne4 53. Ke2 Nc3+ 54. Kxe3 Nb1 55. f6 g6 56. Ba2 Nxa3 57. Ne6 Kg8 1-0

[Event "Hrdonov Fontana op"]
[Site "Hrdonov"]
[Date "2012.10.22"]
[Round "3"]
[White "Kratochvil, Josef"]
[Black "Misicko, Jan"]
[Result "1/2-1/2"]
[WhiteElo "2264"]
[BlackElo "2030"]
[PlyCount "53"]
[EventDate "2012.10.20"]
[EventType "swiss"]
[EventRounds "9"]
[EventCountry "CZE"]
[SourceTitle "CBM 151 Extra"]
[Source "ChessBase"]
[SourceDate "2012.12.18"]
[SourceVersion "1"]
[SourceVersionDate "2012.12.18"]
[SourceQuality "1"]

1. e4 c5 2. Nf3 e6 3. d3 d5 4. Nbd2 Nc6 5. g3 Bd6 6. Bg2 Nge7 7. 0-0 0-0 8. Re1 Ng6 9. c3 b6 10. Nf1 dxe4 11. dxe4 Bb7 12. h4 Bc7 13. Qe2 h6 14. Be3 Qe7 15. Rad1 Rfd8 16. h5 Nf8 17. N1h2 Rxd1 18. Rxd1 Rd8 19. Ng4 f5 20. exf5 exf5 21. Ngh2 Rxd1+ 22. Qxd1 Nd8 23. Nh4 Bxg3 24. Nxf5 Bxh2+ 25. Kxh2 Qe5+ 26. Ng3 Bxg2 27. Kxg2 1/2-1/2